| Tag |
First Indicator |
Second Indicator |
Subfields |
| LEADER |
00000cam a2200000 a 4500 |
| 001 |
in00000991237 |
| 005 |
20150927152408.0 |
| 008 |
891214s1990 ne a b 00110 eng |
| 010 |
|
|
|a 89071648
|
| 020 |
|
|
|a 0792306112 (alk. paper)
|
| 035 |
|
|
|a (OCoLC)20824083
|
| 035 |
|
|
|9 AEX7487AM
|
| 040 |
|
|
|a DLC
|c DLC
|d TXA
|d UtOrBLW
|
| 041 |
1 |
|
|a eng
|h rus
|
| 049 |
|
|
|a TXAM
|
| 050 |
0 |
0 |
|a GC1085
|b .O9513 1990
|
| 082 |
0 |
0 |
|a 628.1/68/09162
|2 20
|
| 100 |
1 |
|
|a Ozmidov, R. V.
|q (Rostislav Vsevolodovich)
|
| 240 |
1 |
0 |
|a Diffuzii͡a primeseĭ v okeane.
|l English
|
| 245 |
1 |
0 |
|a Diffusion of contaminants in the ocean /
|c R.V. Ozmidov ;translated from the Russian by I. Leikin.
|
| 264 |
|
1 |
|a Dordrecht ;
|a Boston :
|b Kluwer Academic Publishers,
|c [1990]
|
| 264 |
|
4 |
|c ©1990
|
| 300 |
|
|
|a xii, 283 pages :
|b illustrations ;
|c 25 cm.
|
| 336 |
|
|
|a text
|b txt
|2 rdacontent
|
| 337 |
|
|
|a unmediated
|b n
|2 rdamedia
|
| 338 |
|
|
|a volume
|b nc
|2 rdacarrier
|
| 490 |
1 |
|
|a Oceanographic sciences library ;
|v v. 4
|
| 500 |
|
|
|a Translation of: Diffuzii︠a︡ primeseĭ v okeane.
|
| 504 |
|
|
|a Includes bibliographical references (pages 274-281) and index.
|
| 650 |
|
0 |
|a Marine pollution.
|
| 830 |
|
0 |
|a Oceanographic sciences library ;
|v 4.
|
| 999 |
|
|
|a MARS
|
| 999 |
f |
f |
|s 38da00d7-9c98-3db0-9a93-b7ef1bdf4153
|i 16034d79-7064-39dc-9a3b-f28f9a0bd0a5
|t 0
|
| 952 |
f |
f |
|p ric
|a Texas A&M University
|b Rellis Campus
|c Joint Library Facility
|d Remote Storage
|t 0
|e GC1085 .O9513 1990
|h Library of Congress classification
|i unmediated -- volume
|m A14813764199
|
| 998 |
f |
f |
|a GC1085 .O9513 1990
|t 0
|l Remote Storage
|